<?xml version="1.0" encoding="UTF-8"?><marc:collection xmlns:marc="http://www.loc.gov/MARC21/slim">
  <marc:record>
    <marc:leader>00000nam  2200000za 4500</marc:leader>
    <marc:controlfield tag="001">9.603127</marc:controlfield>
    <marc:controlfield tag="003">CaOODSP</marc:controlfield>
    <marc:controlfield tag="005">20210624210921</marc:controlfield>
    <marc:controlfield tag="007">cr |||||||||||</marc:controlfield>
    <marc:controlfield tag="008">150406s1996    onc|||||o    f|0| 0 fre d</marc:controlfield>
    <marc:datafield tag="040" ind1=" " ind2=" ">
      <marc:subfield code="a">CaOODSP</marc:subfield>
      <marc:subfield code="b">fre</marc:subfield>
    </marc:datafield>
    <marc:datafield tag="043" ind1=" " ind2=" ">
      <marc:subfield code="a">n-cn---</marc:subfield>
    </marc:datafield>
    <marc:datafield tag="086" ind1="1" ind2=" ">
      <marc:subfield code="a">SC94-61/18-1996F-PDF</marc:subfield>
    </marc:datafield>
    <marc:datafield tag="245" ind1="0" ind2="3">
      <marc:subfield code="a">La capacité des pouvoirs publics d'élaborer des politiques </marc:subfield>
      <marc:subfield code="h">[ressource électronique] / </marc:subfield>
      <marc:subfield code="c">B. Guy Peters. </marc:subfield>
    </marc:datafield>
    <marc:datafield tag="260" ind1=" " ind2=" ">
      <marc:subfield code="a">Ottawa : </marc:subfield>
      <marc:subfield code="b">Centre canadien de gestion, </marc:subfield>
      <marc:subfield code="c">1996.</marc:subfield>
    </marc:datafield>
    <marc:datafield tag="300" ind1=" " ind2=" ">
      <marc:subfield code="a">65 p. : </marc:subfield>
      <marc:subfield code="b">figures, tableaux</marc:subfield>
    </marc:datafield>
    <marc:datafield tag="490" ind1="1" ind2=" ">
      <marc:subfield code="a">Rapport de recherche ; </marc:subfield>
      <marc:subfield code="v">N° 18</marc:subfield>
    </marc:datafield>
    <marc:datafield tag="500" ind1=" " ind2=" ">
      <marc:subfield code="a">Le n° de catalogue (SC94-61/18-1996) et l'ISBN (O-662-62188-3) de l'édition imprimée bilingue ont été incorrectement copiés dans l'édition électronique.</marc:subfield>
    </marc:datafield>
    <marc:datafield tag="504" ind1=" " ind2=" ">
      <marc:subfield code="a">Bibliographie.</marc:subfield>
    </marc:datafield>
    <marc:datafield tag="590" ind1=" " ind2=" ">
      <marc:subfield code="a">12-09-Supp</marc:subfield>
      <marc:subfield code="b">2012-03-21</marc:subfield>
    </marc:datafield>
    <marc:datafield tag="691" ind1="0" ind2="7">
      <marc:subfield code="a">Politique gouvernementale</marc:subfield>
      <marc:subfield code="2">gcpds</marc:subfield>
    </marc:datafield>
    <marc:datafield tag="710" ind1="1" ind2=" ">
      <marc:subfield code="a">Canada.</marc:subfield>
      <marc:subfield code="b">Centre canadien de gestion.</marc:subfield>
    </marc:datafield>
    <marc:datafield tag="720" ind1="1" ind2=" ">
      <marc:subfield code="a">Peters, B. Guy</marc:subfield>
    </marc:datafield>
    <marc:datafield tag="775" ind1="0" ind2="8">
      <marc:subfield code="t">The policy capacity of government </marc:subfield>
      <marc:subfield code="w">(CaOODSP)9.572880</marc:subfield>
    </marc:datafield>
    <marc:datafield tag="776" ind1="0" ind2="#">
      <marc:subfield code="t">The policy capacity of government / </marc:subfield>
      <marc:subfield code="w">(CaOODSP)9.526836</marc:subfield>
    </marc:datafield>
    <marc:datafield tag="776" ind1="0" ind2="#">
      <marc:subfield code="t">La capacité des pouvoirs publics d'élaborer des politiques / </marc:subfield>
      <marc:subfield code="w">(CaOODSP)9.526837</marc:subfield>
    </marc:datafield>
    <marc:datafield tag="830" ind1="#" ind2="0">
      <marc:subfield code="a">Rapport de recherche (Centre canadien de gestion)</marc:subfield>
      <marc:subfield code="v">N° 18</marc:subfield>
      <marc:subfield code="w">(CaOODSP)9.501133</marc:subfield>
    </marc:datafield>
    <marc:datafield tag="856" ind1="4" ind2="0">
      <marc:subfield code="a">http://publications.gc.ca</marc:subfield>
      <marc:subfield code="q">PDF</marc:subfield>
      <marc:subfield code="s">678 Ko</marc:subfield>
      <marc:subfield code="u">https://publications.gc.ca/collections/Collection/SC94-61-18-1996F.pdf</marc:subfield>
      <marc:subfield code="y">N° 18</marc:subfield>
    </marc:datafield>
  </marc:record>
</marc:collection>
